书目信息 |
| 题名: |
绝妙的盛装
|
|
| 作者: | 郝艳华 著 | |
| 分册: | ||
| 出版信息: | 沈阳 辽海出版社 2006 |
|
| 页数: | 171页 | |
| 开本: | 19cm | |
| 丛书名: | 中国历史文化丛书 | |
| 单 册: | ||
| 中图分类: | K892.23 | |
| 科图分类: | ||
| 主题词: | 服饰--风俗习惯--中国 , 服饰 | |
| 电子资源: | ||
| ISBN: | 7-80638-865-6 | |
| 000 | 00896oam2 2200289 450 | |
| 001 | 012007663844 | |
| 005 | 20070605142854.43 | |
| 010 | @a7-80638-865-6@dCNY720.00(全30册) | |
| 100 | @a20070602d2006 km y0chiy0120 ea | |
| 101 | 0 | @achi |
| 102 | @aCN@b210000 | |
| 105 | @aa z 000yy | |
| 106 | @ar | |
| 200 | 1 | @a绝妙的盛装@Ajue miao de sheng zhuang@e中华服饰@f郝艳华著@Fhao yan hua zhu |
| 205 | @a2版 | |
| 210 | @a沈阳@c辽海出版社@d2006 | |
| 215 | @a171页@c图@d19cm | |
| 225 | 2 | @a中国历史文化丛书 |
| 330 | @a本书主要内容包括:服饰的起源,不断创新的先秦服饰,古朴的秦汉服饰,娟秀的魏晋南北朝服饰,富丽的隋唐五代服饰等。 | |
| 461 | 0 | @12001 @a中国历史文化丛书 |
| 517 | 1 | @a中华服饰@Azhong hua fu shi |
| 606 | 0 | @a服饰@x风俗习惯@y中国 |
| 606 | 0 | @a服饰 |
| 690 | @aK892.23@v4 | |
| 701 | 0 | @a郝艳华@Ahao yan hua@4著 |
| 801 | 0 | @aCN@bRULIN@c20070605 |
| 905 | @dK892.23@e145=2@s5 | |
| 绝妙的盛装:中华服饰/郝艳华著.-2版.-沈阳:辽海出版社,2006 |
| 171页:图;19cm.-(中国历史文化丛书) |
| ISBN 7-80638-865-6:CNY720.00(全30册) |
| 本书主要内容包括:服饰的起源,不断创新的先秦服饰,古朴的秦汉服饰,娟秀的魏晋南北朝服饰,富丽的隋唐五代服饰等。 |
| ● |
| 相关链接 |
|
|
|
|
正题名:绝妙的盛装
索取号:K892.23/145=2
 
预约/预借
| 序号 | 登录号 | 条形码 | 馆藏地/架位号 | 状态 | 备注 |
| 1 | 0582797 | 205827970 | 第二样本阅览室/ [索取号:K892.23/145=2] | 在馆 | |
| 2 | 0582798 | 205827989 | 第二借阅区/ [索取号:K892.23/145=2] | 在馆 | |
| 3 | 0582799 | 205827998 | 第二借阅区/ [索取号:K892.23/145=2] | 在馆 | |
| 4 | 0582800 | 205828005 | 第二借阅区/ [索取号:K892.23/145=2] | 在馆 | |
| 5 | 0582801 | 205828014 | 第二借阅区/ [索取号:K892.23/145=2] | 在馆 |